004630000a2200133000450024501030000065000250010365000180012865000270014665300290017304100130020270000210021510000170023677300760025310aElectrophoretic studies of relationships of six species of Artibeus ()14aSistemática animal14aMurciélagos14aEvolución genética fPhyllostomidaegArtibeus0 aInglés1 aBaker, Robert J.1 aKoop, Ben F.1 tOccasional Papers: Museum of Texas Tech University3430h83q1-11d1983